Criminalidad de bagatela y principio de oportunidad: Alemania y España

Wedi'i Gadw mewn:
Manylion Llyfryddiaeth
Prif Awdur: Armenta Deu, Teresa (Awdur)
Fformat: Llyfr
Iaith:Sbaeneg
Cyhoeddwyd: Barcelona PPU 1991
Cyfres:Colección el Sistema Penal
Pynciau:
Tagiau: Ychwanegu Tag
Dim Tagiau, Byddwch y cyntaf i dagio'r cofnod hwn!

MARC

LEADER 00000nam a2200000 a 4500
001 UCN8763
003 CL-VaPUC
008 011116e19910000SP |||||||||||||||||spa|d
082 0 4 |a 345.05  |b ARM  |2 21 
100 0 |a Armenta Deu, Teresa  |e author  |9 420 
245 1 0 |a Criminalidad de bagatela y principio de oportunidad: Alemania y España 
300 |a 258 p 
942 |c BK 
945 |d 20011116 00:00:00  |a crobeson 
260 |a Barcelona  |b PPU  |c 1991 
650 0 |a Derecho procesal penal   |9 256392 
650 0 |a Procedimiento penal  |9 254974 
650 7 |a LEGISLACION ALEMANA  |2 CL-VaPUC  |9 404211 
650 7 |a LEGISLACION ESPAÑOLA  |2 CL-VaPUC  |9 400154 
651 0 |a Alemania  |9 255688 
651 0 |a España  |9 254926 
583 |a last modification  |c 20190923 02:33:20  |k Rodrigo Vera 
490 0 |a Colección el Sistema Penal 
999 |c 298515  |d 298513 
952 |0 0  |1 0  |4 0  |6 345_050000000000000_ARM_1991  |7 0  |8 A  |9 354135  |a BIBDER  |b BIBDER  |d 2019-11-21  |i 3760332  |l 1  |m 2  |o 345.05 ARM 1991  |p 3760332  |r 2022-10-12  |s 2022-09-21  |w 2019-11-21  |y BK  |k DER